Cestný most – dodatočne predpätá betónová monolitická konštrukcia

Guardado en:
Detalles Bibliográficos
Autor principal: Tekáč, Peter (Autor)
Otros Autores: Borzovič, Viktor (Orientador)
Formato: Manuscrito Libro
Lenguaje:eslovaco
Publicado: 2016
Materias:
Acceso en línea:http://is.stuba.sk/zp/portal_zp.pl?podrobnosti=132298
https://opac.crzp.sk/?fn=detailBiblioForm&sid=A86BEDB9942C84EDDB96318BE596
Etiquetas: Agregar Etiqueta
Sin Etiquetas, Sea el primero en etiquetar este registro!

MARC

LEADER 00000ntm a22000003a 4500
001 stuzp56690
003 SK-STU
005 20231009150015.6
007 ta
008 150427s2015----xo-----f-mn---000-0-slo-d
040 |a STU  |b slo 
041 0 |a slo 
100 1 |a Tekáč, Peter  |u 010110  |4 aut  |U SvF Stavebná fakulta  |T SvF Katedra betónových konštrukcií a mostov  |X 42241  |U V110  |Y 11  |7 A000042241 
242 0 1 |a Motorway bridge - cast-in-situ prestressed concrete structure  |y eng 
245 1 0 |a Cestný most – dodatočne predpätá betónová monolitická konštrukcia 
260 |c 2016 
650 4 |a predpätá betónová monolitická konštrukcia  |2 slo 
650 4 |a cestný most  |2 slo 
650 4 |a letmo budovaný most  |2 slo 
650 4 |a motorway bridge  |2 eng 
650 4 |a balanced cantilever bridge  |2 eng 
650 4 |a cast-in-situ prestressed concrete structure  |2 eng 
700 1 |a Borzovič, Viktor  |u 010110  |k Z1  |4 ths  |U SvF Stavebná fakulta  |T SvF Katedra betónových konštrukcií a mostov  |X 3688  |U V110  |Y 11  |7 A000003688 
856 4 |u http://is.stuba.sk/zp/portal_zp.pl?podrobnosti=132298 
856 4 |u https://opac.crzp.sk/?fn=detailBiblioForm&sid=A86BEDB9942C84EDDB96318BE596 
SQL |a stuzp56690  |b DDP  |c SLO  |d Cestný most – dodatočne predpätá betónová monolitická konštrukcia  |e 42241  |f Tekáč, Peter  |g 010110  |h 3688  |i Borzovič, Viktor  |j 20160614  |k 945  |l 01  |m http://is.stuba.sk/zp/portal_zp.pl?podrobnosti=132298  |n I-NKS  |o 5.1.5. inžinierske konštrukcie a dopravné stavby